000 00943cam a2200301 i 4500
001 59536
003 Mx-PuUPA
005 20240912084229.0
008 140415s2000 nyu gr 000 0 eng d
020 _a006060381X
_qrústica
040 _cMx-PuUPA
_aMx-PuUPA
_bspa
_dMx-PuUPA
_erda
041 0 _aeng
100 1 _aBarbour, Ian G.,
_d1923-2013
_916209
_eautor
245 1 0 _aWhen science meets religion /
_cIan G. Barbour
246 1 4 _aWhen science meets religion :
_benemies, strangers, or partners?
250 _aFirst edition
264 1 _aNew York, NY :
_bHarperCollins Publishers,
_c©2000
300 _axiv, 205 páginas ;
_c21 cm
336 _2rdacontent
_atexto
_btxt
337 _2rdamedia
_asin medio
_bn
338 _2rdacarrier
_avolumen
_bnc
650 7 _2armarc
_aReligión y ciencia
655 _a
856 _y
942 _2ddc
_cLI
_h201.6
_iB223
999 _c59536
_d59536